MARC

LEADER 00000nam a2200000 a 4500
001 vtls001411231
003 SK-MaSNL
005 20260301012437.0
008 130607s1999 xo 0 slo
015 |a SNBJ2001/02-01277 
020 |c 200,00 Sk 
035 |a SNK000365932 
040 |a SNK  |b slo  |c SNK  |e AACR2 
044 |a xo  |c SK 
080 |a 784.67:785.1(086.7)  |2 1981 
245 1 |a Hity Zlatej brány  |h zvukový dokument  |n 3 
260 |a Bratislava  |b Bonton Music Slovakia  |c 1999 
300 |a 1 magnetofónová kazeta (61 min. 41 sek.)  |b stereo 
500 |a Fotograf Gabriel Kladek 
505 0 |a Obsahuje 26 piesní 
511 |a Spievajú Ž. Müllerová, S. Paulišinová, M. Bačinská, Z. Orosová, I. Eperješi, D. Duditšová, J. Lešková, P. Zuštiak, B. Cap, J. Kovalčín, Z. Kleknerová, J. Focková, L. Hudáková, G. Kleknerová, N. Minčičová, H. Minčičová, Z. Sedláková, M. Babiak, I. 
511 |a Hrá hudobná skupina Flamingo-Plameňáci 
511 |a Spoluúčinkuje detský zbor 
650 0 7 |a populárna hudba  |x piesne pre deti  |x kazety magnetofónové  |2 SNK  |9 291882 
650 0 7 |a detské piesne  |2 SNK  |9 3415 
655 7 |a magnetofónové kazety  |2 SNK  |9 70693 
700 1 |a Müllerová, Želmíra  |4 roz  |9 297453 
700 1 |a Paulišinová, Svetlana  |4 roz  |9 297454 
700 1 |a Bačinská, Martina  |4 roz  |9 297455 
700 1 |a Orosová, Zuzana  |4 roz  |9 297456 
700 1 |a Eperješi, Imrich  |4 roz  |9 297457 
700 1 |a Duditšová, Dagmar  |4 roz  |9 297458 
700 1 |a Lešková, Jana  |4 roz  |9 297459 
700 1 |a Zuštiak, Pavol  |4 roz  |9 297460 
700 1 |a Cap, Branislav  |4 roz  |9 297461 
700 1 |a Kovalčín, Ján  |4 roz  |9 297462 
700 1 |a Kleknerová, Zuzana  |4 roz  |9 297463 
700 1 |a Focková, Janetta  |4 roz  |9 297464 
700 1 |a Hudáková, Lea  |4 roz  |9 297465 
700 1 |a Kleknerová, Gabriela  |4 roz  |9 297466 
700 1 |a Minčičová, Natalia  |4 roz  |9 297467 
700 1 |a Minčičová, Helena  |4 roz  |9 297468 
700 1 |a Sedláková, Zuzana  |4 roz  |9 297469 
700 1 |a Babiak, Miroslav  |4 roz  |9 297470 
700 1 |a Palčová, Iveta  |4 roz  |9 297471 
700 1 |a Hricová, Viktoria  |4 roz  |9 297472 
700 1 |a Kladek, Gabriel,  |d 1941-2023  |4 fot  |9 234140 
710 0 |a Flamingo-Plameňáci (hudobná skupina)  |4 uci  |9 297473 
999 |c 553552  |d 555482 
952 |t P60, <03>, [BOOK], {603}  |a SNK  |b SNK  |y PREZ  |7 0  |p 17A0295075  |o snkK 2248/3  |i snkJK 295/2001  |0 0  |1 0  |4 0  |d 2001-04-09  |l 0  |r 2005-01-02 00:00:00  |w 2026-02-23